000 01128nam a22003377a 4500
003 CHAP
005 20220817042228.0
008 971013s1968 r 00010 d
010 _a38141
011 _a39113
035 _a43233
040 _cCHAP
082 _a330.985
_bM5
110 _aIowa University Mission
_960296
245 _aPanorama macro-económico del Perú y una estratégia para el desarollo económico, 1967-1972
260 _aLima :
_b(s.e.),
_c1968
300 _a118 p
490 _aPrograma Iowa-Perú. Estudio
_v; 8
590 _aBATCH-UPD
_b10
_c20130110
_lUCH01
_h0054
590 _aBATCH-UPD
_b10
_c20130110
_lUCH01
_h1026
590 _aBATCH-UPD
_b10
_c20130409
_lUCH01
_h2042
590 _aBATCH-UPD
_b10
_c20130410
_lUCH01
_h0630
590 _aBATCH-UPD
_b10
_c20130914
_lUCH01
_h1150
590 _aCONVERSION
_b10
_c20130109
_lUCH01
_h1321
650 1 4 _aDesarrollo económico.
650 1 4 _aPerú
_xCondiciones económicas.
_987218
830 0 _aPrograma Iowa-Perú. Estudio
_v; 8
_992327
901 _aBK
942 _cLIBRO
949 _a330.985 M5
_bBC
_cLIBRO
_d33724000330502
_eLIBRO
_h13538
_i43233
_mD
_si
999 _c38141
_d38141